000 00292nam a22001337a 4500
008 171011b xxu||||| |||| 00| 0 eng d
020 _a0534629830
041 _aeng
080 _22nd
_a316
100 _a50
101 _aSOC
245 _aJUVENILE DELINQUENCY
_cSIEGEL.L.J
942 _2udc
_cBK
999 _c33035
_d33035